000 00932nam a22002777a 4500
001 BR6600377
003 BR-BrBNA
005 20230928083442.0
007 ta
008 230509b bl.||||| |||| 00| 0 por d
040 _aBR-BrBNA
_bpor
_cBiblioteca Nacional de Agricultura
041 _a(Por)
072 _aE15
_b/G514
090 _ E15 BR6600377
100 1 _aOlinger, G.
110 1 _aAssociacao de Credito e Assistencia Rural do Estado de Santa Catarina, Florianopolis (Brasil)
_9468
245 1 _aCredito rural educativo no Brasil; a experiencia catarinense
260 3 _aFlorianopolis, SC (Brasil):
_c1966.
300 _a27 p.
500 _a(*) Documento disponível no(a) Associacao de Credito e Assistencia Rural do Estado de Santa Catarina, Florianopolis (Brazil)
650 _aCREDITO RURAL
650 _aCREDITO EDUCATIVO
650 _aSANTA CATARINA
909 _a202309
_bLucia
_c55
_dLucia Elande
942 _cBK
999 _c13547
_d13547